000 00475nam a2200169Ia 4500
008 230917s9999||||xx |||||||||||||| ||und||
020 _cRS2400
040 _e258433
_aMAIN
041 _aEnglish
082 _a581.87 B51P
100 _aBimal, Bimal Kishor
245 0 _aPlant cell and tissue culture
260 _aNew Delhi
_bShree Publishers and Distributors
_c2014
300 _avii, 292 p.
500 _a3673 15/10/2019 RBP19/77184 22/10/2019 Main Budget
942 _cBK
999 _c33312
_d33312